000 00327pam a2200133a 44500
008 230405s2017 xxu||||| |||| 00| 0 eng d
041 _aENG
100 _aDR.S.B.BHISE
245 _aANATOMY,PHYSIOLOGY AND HEALTH EDUCATION
250 _a11
260 _a
_bNIRALI PRAKESHN PUNE PUNE
_c2017
300 _a10.13
906 _a5104
999 _c270543
_d270543